logo

Bir Sreshtho Munshi Abdur Rouf Library
Jhenaidah Cadet College

BRIDGING THE GAP: College Reading / (Record no. 5316)

MARC details
000 -LEADER
fixed length control field 00604nam a2200229 a 4500
001 - CONTROL NUMBER
JCCL Control Number 5316
003 - CONTROL NUMBER IDENTIFIER
JCCL marc code BD-JhCC
005 - DATE AND TIME OF LATEST TRANSACTION
control field 20171212172201.0
008 - FIXED-LENGTH DATA ELEMENTS--GENERAL INFORMATION
fixed length control field 171212s1985 i a|||| ||a| 000 0 eng d
020 ## - INTERNATIONAL STANDARD BOOK NUMBER
International Standard Book Number 0673180379
035 ## - SYSTEM CONTROL NUMBER
system control number (BD-JhCC) 5316
040 ## - CATALOGING SOURCE
Original cataloging agency BD-JhCC
Modifying agency BD-JhCC
041 ## - LANGUAGE CODE
Language code of Book eng
082 ## - DEWEY DECIMAL CLASSIFICATION NUMBER
Classification number 428.40211
Author mark and Year SMI 1985
100 ## - MAIN ENTRY--PERSONAL NAME
Personal name Smith, Brenda D.
245 ## - TITLE STATEMENT
Title BRIDGING THE GAP: College Reading /
Statement of responsibility, etc Brenda D.Smith
260 ## - PUBLICATION, DISTRIBUTION, ETC. (IMPRINT)
Place of publication, distribution, etc London :
Name of publisher, distributor, etc Scott, Foresman and Company
Date of publication, distribution, etc 1985
300 ## - PHYSICAL DESCRIPTION
Pagination 376 p .:
Dimensions 23 cm .
650 ## - SUBJECT ADDED ENTRY--TOPICAL TERM
Topical term or geographic name as entry element Reading (Higher education
942 ## - ADDED ENTRY ELEMENTS (KOHA)
Source of classification or shelving scheme Dewey Decimal Classification
Koha item type Books
Holdings
Source of classification or shelving scheme Damaged status Not for loan Home library Current library Shelving location Date of accession Total Checkouts Full call number Barcode Date last seen Copy number Koha item type
Dewey Decimal Classification     JCC Rouf Library JCC Rouf Library General Stacks 12/12/2017   428.40211 SMI 1985 7453 12/12/2017 C-1 Books

JCC Library | Contacts | JCC Home

Last Update on 23 September 2017
Copyright @ 2017-2020 JCC Rouf Library
Rouf Library, Jhenidah Cadet College (JCC), Bangladesh